| 000 | 00504nam a2200169Ia 4500 | ||
|---|---|---|---|
| 003 | GCL | ||
| 008 | 140319s9999 xx 000 0 ara d | ||
| 040 |
_aGCL / _cGCL |
||
| 082 | 0 | 4 |
_a962.401 _bم ت |
| 100 | 1 | _aمحمد بيومى مهران | |
| 245 | 1 | 0 |
_aتاريخ السودان القديم / _cمحمد بيومى مهران |
| 300 | _a455 ص | ||
| 490 |
_aمصر و الشرق الادنى القديم _v0 |
||
| 650 | 0 | 4 | _aتاريخ |
| 650 | 0 | 4 | _aالسودان القديم |
| 942 |
_2ddc _cBK |
||
| 999 |
_c41407 _d41407 |
||